<?xml version="1.0" encoding="UTF-8"?>
<record
    xmlns:xsi="http://www.w3.org/2001/XMLSchema-instance"
    xsi:schemaLocation="http://www.loc.gov/MARC21/slim http://www.loc.gov/standards/marcxml/schema/MARC21slim.xsd"
    xmlns="http://www.loc.gov/MARC21/slim">

  <leader>01414cam a2200253   4500500</leader>
  <controlfield tag="005">20251228065642.0</controlfield>
  <datafield tag="041" ind1=" " ind2=" ">
    <subfield code="a">fre</subfield>
  </datafield>
  <datafield tag="042" ind1=" " ind2=" ">
    <subfield code="a">dc</subfield>
  </datafield>
  <datafield tag="100" ind1="1" ind2="0">
    <subfield code="a">Macquaire, Patrick</subfield>
    <subfield code="e">author</subfield>
  </datafield>
  <datafield tag="700" ind1="1" ind2="0">
    <subfield code="a">Gomez, Jean-Fran&#xE7;ois</subfield>
    <subfield code="e">author</subfield>
  </datafield>
  <datafield tag="245" ind1="0" ind2="0">
    <subfield code="a">Une cit&#xE9; de transit et&#x202F;ses habitants</subfield>
  </datafield>
  <datafield tag="260" ind1=" " ind2=" ">
    <subfield code="c">2022.
							</subfield>
  </datafield>
  <datafield tag="500" ind1=" " ind2=" ">
    <subfield code="a">29</subfield>
  </datafield>
  <datafield tag="520" ind1=" " ind2=" ">
    <subfield code="a">Dans cette interview, un acteur du d&#xE9;veloppement social &#xE9;voque, &#xE0; propos de son ouvrage, une exp&#xE9;rience exceptionnelle dans une cit&#xE9; de transit &#xE0; Chartres. Quelles difficult&#xE9;s particuli&#xE8;res a-t-il rencontr&#xE9;es&#x202F;? Quelle place particuli&#xE8;re a pu occuper, dans la repr&#xE9;sentation du quartier, l&#x2019;image omnipr&#xE9;sente de Raymond Isidore, le balayeur mythique surnomm&#xE9; &#xAB;&#x202F;Picassiette&#x202F;&#xBB; qui avait v&#xE9;cu l&#xE0;, pr&#xE8;s du cimeti&#xE8;re&#x202F;? Sur quelles th&#xE9;ories s&#x2019;est-il appuy&#xE9; pour faire sortir les habitants de leur ghetto&#x202F;? Comment le politique a-t-il pu rencontrer l&#x2019;esth&#xE9;tique &#xE0; partir d&#x2019;une pratique &#xE9;tendue de la mosa&#xEF;que&#x202F;?</subfield>
  </datafield>
  <datafield tag="690" ind1=" " ind2=" ">
    <subfield code="a">&#xAB;&#x202F;Picassiette&#x202F;&#xBB;</subfield>
  </datafield>
  <datafield tag="690" ind1=" " ind2=" ">
    <subfield code="a">Art</subfield>
  </datafield>
  <datafield tag="690" ind1=" " ind2=" ">
    <subfield code="a">cit&#xE9; de transit</subfield>
  </datafield>
  <datafield tag="690" ind1=" " ind2=" ">
    <subfield code="a">complexit&#xE9;</subfield>
  </datafield>
  <datafield tag="690" ind1=" " ind2=" ">
    <subfield code="a">d&#xE9;veloppement social</subfield>
  </datafield>
  <datafield tag="690" ind1=" " ind2=" ">
    <subfield code="a">politique</subfield>
  </datafield>
  <datafield tag="690" ind1=" " ind2=" ">
    <subfield code="a">r&#xE9;gie de quartier</subfield>
  </datafield>
  <datafield tag="786" ind1="0" ind2=" ">
    <subfield code="n">VST - Vie sociale et traitements | 155 | 3 | 2022-07-29 | p. 79-86 | 0396-8669</subfield>
  </datafield>
  <datafield tag="856" ind1="4" ind2="1">
    <subfield code="u">https://shs.cairn.info/revue-vie-sociale-et-traitements-2022-3-page-79?lang=fr&amp;redirect-ssocas=7080</subfield>
  </datafield>
  <datafield tag="999" ind1=" " ind2=" ">
    <subfield code="c">1591958</subfield>
    <subfield code="d">1591958</subfield>
  </datafield>
</record>
